Examining relationship of workplace spirituality with work engagement, organizational commitment and trust (Record no. 533244)

000 -LEADER
fixed length control field 01492nam a22001457a 4500
008 - FIXED-LENGTH DATA ELEMENTS--GENERAL INFORMATION
fixed length control field 260430b ||||| |||| 00| 0 eng d
100 ## - MAIN ENTRY--PERSONAL NAME
Personal name Chouhan, Vikram Singh
245 ## - TITLE STATEMENT
Title Examining relationship of workplace spirituality with work engagement, organizational commitment and trust
260 ## - PUBLICATION, DISTRIBUTION, ETC. (IMPRINT)
Place of publication, distribution, etc Vikalpa: The Journal for Decision Makers
300 ## - PHYSICAL DESCRIPTION
Extent 51(1), Jan-Mar, 2026: p.39-57
520 ## - SUMMARY, ETC.
Summary, etc The article attempts to measure financial inclusion at the household level with the Wroclaw taxonomic approach as an appropriate method of construction of composite indices and study the effects of various socio-economic development indicators on financial inclusion at the disaggregated level. Data analysis exemplified that the level of financial inclusion was directly related to per-capita income, household amenities, literacy and awareness of Pradhan Mantri Jan Dhan Yojana (PMJDY) and inversely to the distance from the bank (beyond 3 km). The results also suggested that the intended outcome of creating awareness about PMJDY to promote financial inclusion was not achieved in rural areas.-Reproduced

https://journals.sagepub.com/doi/full/10.1177/02560909251325386?_gl=1*ivxnei*_up*MQ..*_ga*NzUxNjcyODAyLjE3Nzc1
NDAxMjU.*_ga_60R758KFDG*czE3Nzc1NDAxMjUkbzEkZzEkd
DE3Nzc1NDAxNDAkajQ1JGwwJGgzNTU2NjEzMjE.
650 ## - SUBJECT ADDED ENTRY--TOPICAL TERM
Topical term or geographic name as entry element Workplace spirituality, Trust, Work engagement, Organizational commitment
9 (RLIN) 60365
773 ## - HOST ITEM ENTRY
Main entry heading Vikalpa: The Journal for Decision Makers
942 ## - ADDED ENTRY ELEMENTS (KOHA)
Item type Articles
Holdings
Withdrawn status Lost status Source of classification or shelving scheme Damaged status Not for loan Permanent location Current location Date acquired Serial Enumeration / chronology Barcode Date last seen Koha item type
          Indian Institute of Public Administration Indian Institute of Public Administration 2026-04-30 51(1), Jan-Mar, 2026: p.39-57 AR138755 2026-04-30 Articles

Powered by Koha